| 000 | 01127nam a22003377a 4500 | ||
|---|---|---|---|
| 003 | DO-SdBPM | ||
| 005 | 20260325135619.0 | ||
| 007 | ta | ||
| 008 | 161031b1996 xxu a 00| 0 spa d | ||
| 020 | _a0673758486 | ||
| 040 |
_aDO-SdBPM _bspa _cBPMSU _erda |
||
| 082 | 0 | 4 |
_a813.54 _bA727u 1996 _222 |
| 100 | 1 |
_aArmajo, Charlotte _eautor _4aut. |
|
| 245 | 1 | 0 |
_aUn baile en el desierto / _cCharlotte Armajo ; ilustración Teri Sloat |
| 264 |
_aEstados Unidos : _bCelebration Press, _c1996 |
||
| 300 |
_a16 páginas : _bilustración ; _c18 cm. |
||
| 336 |
_atexto _btxt _2rdacontent |
||
| 337 |
_asin meditación _bn _2rdamedia |
||
| 338 |
_avolumen _bnc _2rdacarrier |
||
| 490 | 0 | _aPequeñitas celebraciones | |
| 590 | _aInventariado, 2026/VM | ||
| 650 | 7 |
_aCuentos estadounidenses infantiles _x |
|
| 650 | 7 | _a Cuento de animales | |
| 650 | 7 | _aLibros ilustrados para niños | |
| 650 | 7 | _a Literatura infantil | |
| 650 | 7 | _aLibros ilustrados para niños | |
| 700 | 1 |
_aSloat, Teri _eilustración |
|
| 700 | 1 | 2 |
_aAlmada, Patricia _eadaptación |
| 910 | _aVMateo V. Control de calidad BPMSU | ||
| 942 |
_2ddc _cBK |
||
| 999 |
_c12757 _d12757 |
||